| 000 | 00952nam a2200181Ia 4500 | ||
|---|---|---|---|
| 008 | 090124s9999 xx 000 0 und d | ||
| 082 |
_b29863 _a712 |
||
| 100 | _aजायस्वाल जयनारायण | ||
| 245 | _a स्वत:च स्वत:चे डॉक्टर व्हा (निसर्गोपचारावरील पाच व्याख्याने) | ||
| 250 | _a1 | ||
| 260 | _c1989 | ||
| 300 | _a108+26 | ||
| 600 | _aजायस्वाल जयनारायण | ||
| 630 | _a स्वत:च स्वत:चे डॉक्टर व्हा (निसर्गोपचारावरील पाच व्याख्याने) | ||
| 700 | _aजायस्वाल जयनारायण | ||
| 730 | _a स्वत:च स्वत:चे डॉक्टर व्हा (निसर्गोपचारावरील पाच व्याख्याने) | ||
| 942 | _cBOOK | ||
| 999 |
_c143345 _d143345 |
||